[Event "MVP-ch Seniors op 18th"]
[Site "Ostseebad Binz"]
[Date "2018.12.05"]
[Round "8"]
[White "Strack Goertsches, Hans Juergen"]
[Black "Kluger, Hans Peter"]
[Result "1/2-1/2"]
[WhiteElo "1964"]
[BlackElo "1863"]
[PlyCount "70"]
[EventDate "2018.11.28"]
[EventType "swiss"]
[EventRounds "9"]
[EventCountry "GER"]
[SourceTitle "CBM 188 Extra"]
[Source "ChessBase"]
[SourceDate "2019.02.26"]
[SourceVersion "1"]
[SourceVersionDate "2019.02.26"]
[SourceQuality "1"]

1. e4 g6 2. f4 d6 3. Be2 Bg7 4. d3 c6 5. Nd2 Nd7 6. Ngf3 e5 7. fxe5 Nxe5 8. Nxe5 dxe5 9. 0-0 Ne7 10. Kh1 0-0 11. b3 f5 12. Bb2 c5 13. Ba3 Qc7 14. b4 cxb4 15. Bxb4 Re8 16. Nc4 Nc6 17. Bd6 Qd7 18. a4 Qd8 19. Ba3 Bf8 20. Bb2 fxe4 21. dxe4 Qxd1 22. Raxd1 Bg7 23. Nd6 Be6 24. Nxe8 Rxe8 25. Bb5 Bg4 26. Rd6 Rc8 27. h3 Rf8 28. Bc4+ Kh8 29. Rxf8+ Bxf8 30. Rxc6 bxc6 31. hxg4 Bd6 32. Be6 Kg7 33. g5 Kf8 34. g4 Ke7 35. Bg8 Kf8 1/2-1/2

[Event "MVP-ch Seniors op 18th"]
[Site "Ostseebad Binz"]
[Date "2018.11.30"]
[Round "3"]
[White "Kluger, Hans Peter"]
[Black "Hildenstein, Bernt"]
[Result "0-1"]
[WhiteElo "1863"]
[BlackElo "1663"]
[PlyCount "122"]
[EventDate "2018.11.28"]
[EventType "swiss"]
[EventRounds "9"]
[EventCountry "GER"]
[SourceTitle "CBM 188 Extra"]
[Source "ChessBase"]
[SourceDate "2019.02.26"]
[SourceVersion "1"]
[SourceVersionDate "2019.02.26"]
[SourceQuality "1"]

1. e4 e6 2. d4 d5 3. e5 c5 4. c3 Nc6 5. Nf3 Qb6 6. Na3 cxd4 7. cxd4 Bb4+ 8. Ke2 Bxa3 9. bxa3 Nge7 10. Qd3 Bd7 11. Rb1 Qc7 12. Ke1 Nf5 13. g4 Nfe7 14. Be2 a6 15. Kf1 h5 16. g5 Nf5 17. h4 Rb8 18. Bb2 0-0 19. Qd2 b5 20. Kg2 Qb6 21. Rhc1 Na5 22. Ba1 Nc4 23. Qd3 Qa5 24. Rb3 Rfc8 25. Bc3 Qd8 26. Rcb1 a5 27. Be1 a4 28. Rc3 Qe7 29. Rb4 Rb7 30. Rb1 Rbb8 31. Kh3 Kh8 32. Nd2 f6 33. f4 fxg5 34. hxg5 g6 35. Nf3 Rf8 36. Bd2 Kg7 37. Nh4 Nxh4 38. Kxh4 Qf7 39. Rf1 Qe7 40. Bd1 Rf5 41. Bc2 Rbf8 42. Qe2 Nxd2 43. Qxd2 Rxg5 44. fxg5 Rxf1 45. Qg2 Rf4+ 46. Kh3 Rxd4 47. Rf3 Rg4 48. Rg3 Rxg3+ 49. Qxg3 Qf7 50. Kg2 Bc6 51. Qf3 Qxf3+ 52. Kxf3 d4+ 53. Kg3 Bd5 54. Kf4 Bc4 55. Be4 Bxa2 56. Bc6 Bc4 57. Be4 Kf7 58. Bc6 d3 59. Ke3 h4 60. Bg2 b4 61. axb4 a3 0-1

[Event "MVP-ch Seniors op 18th"]
[Site "Ostseebad Binz"]
[Date "2018.11.28"]
[Round "1"]
[White "Kluger, Hans Peter"]
[Black "Schulz, Michael"]
[Result "0-1"]
[WhiteElo "1863"]
[BlackElo "2234"]
[PlyCount "74"]
[EventDate "2018.11.28"]
[EventType "swiss"]
[EventRounds "9"]
[EventCountry "GER"]
[SourceTitle "CBM 188 Extra"]
[Source "ChessBase"]
[SourceDate "2019.02.26"]
[SourceVersion "1"]
[SourceVersionDate "2019.02.26"]
[SourceQuality "1"]

1. e4 g6 2. d4 Bg7 3. Nf3 c6 4. Nc3 d5 5. exd5 cxd5 6. Bf4 a6 7. Be2 Nc6 8. 0-0 Bg4 9. Ne5 Bxe2 10. Nxe2 Nf6 11. c3 Nh5 12. Nxc6 bxc6 13. Qa4 Qb6 14. Bg5 h6 15. Be3 0-0 16. Rab1 Qb5 17. Qc2 a5 18. f4 e6 19. a4 Qa6 20. Nc1 Nf6 21. h3 Ne4 22. Kh2 Qxf1 23. Nd3 Qxb1 24. Qxb1 Rfb8 25. Qc2 Ra6 26. h4 h5 27. Bc1 Bf6 28. Kh3 Be7 29. Ne5 Kg7 30. Qe2 Rba8 31. g4 hxg4+ 32. Kxg4 Rb6 33. c4 Rh8 34. Nf3 Rb3 35. Be3 dxc4 36. Ne5 Nf6+ 37. Kg3 Nd5 0-1

[Event "Schleswig Holstein-ch Seniors op 11th"]
[Site "Buesum"]
[Date "2017.09.14"]
[Round "7"]
[White "Brandt, Fred"]
[Black "Kluger, Hans Peter"]
[Result "0-1"]
[WhiteElo "1805"]
[BlackElo "1917"]
[PlyCount "120"]
[EventDate "2017.09.08"]
[EventType "swiss"]
[EventRounds "9"]
[EventCountry "GER"]
[SourceTitle "EXT 2019"]
[Source "ChessBase"]
[SourceDate "2018.10.10"]
[SourceVersion "1"]
[SourceVersionDate "2018.10.10"]
[SourceQuality "1"]

1. d4 d5 2. Nf3 Nf6 3. e3 Bf5 4. Bd3 Bxd3 5. Qxd3 Nbd7 6. Nbd2 e6 7. 0-0 Bd6 8. e4 dxe4 9. Nxe4 Nxe4 10. Qxe4 c6 11. Bg5 Nf6 12. Qd3 0-0 13. Rad1 h6 14. Be3 Qc7 15. g3 Rad8 16. Qe2 Rfe8 17. c3 Qa5 18. Rfe1 a6 19. a3 Qc7 20. Qc2 Ng4 21. Bc1 Qa5 22. h3 Nf6 23. Kg2 Qc7 24. Ne5 c5 25. Qe2 cxd4 26. cxd4 Nd5 27. Qg4 Nf6 28. Qf3 Be7 29. Qe2 Rc8 30. Be3 Qc2 31. Rd2 Qb3 32. Rd3 Qd5+ 33. f3 Rc7 34. Rc1 Rec8 35. Rxc7 Rxc7 36. Qd2 Bf8 37. Rc3 Qd8 38. Qc2 Nd5 39. Bd2 Nxc3 40. Bxc3 Qxd4 41. Qe2 Qd5 42. Ng4 Bd6 43. Nf2 f5 44. Nd1 Re7 45. Ne3 Qc5 46. Nc4 Bb8 47. Ne3 f4 48. Nf5 Rf7 49. Nd4 Qd6 50. g4 Ba7 51. Nc2 Qd5 52. Nb4 Qc5 53. Qe1 Qc4 54. Nc2 Rd7 55. h4 Kf7 56. Qe5 Kg8 57. Qe1 a5 58. g5 hxg5 59. hxg5 Qd5 60. Qe2 Qxg5+ 0-1

[Event "Schleswig Holstein-ch Seniors op 11th"]
[Site "Buesum"]
[Date "2017.09.13"]
[Round "6"]
[White "Stratmann, Dietrich"]
[Black "Kluger, Hans Peter"]
[Result "0-1"]
[WhiteElo "1682"]
[BlackElo "1917"]
[PlyCount "54"]
[EventDate "2017.09.08"]
[EventType "swiss"]
[EventRounds "9"]
[EventCountry "GER"]
[SourceTitle "EXT 2019"]
[Source "ChessBase"]
[SourceDate "2018.10.10"]
[SourceVersion "1"]
[SourceVersionDate "2018.10.10"]
[SourceQuality "1"]

1. d4 d5 2. Nf3 Nf6 3. e3 Bg4 4. h3 Bh5 5. Bd3 Nc6 6. Nbd2 e5 7. dxe5 Nxe5 8. g4 Nxd3+ 9. cxd3 Bg6 10. Ne5 Bd6 11. Nxg6 hxg6 12. Qf3 c6 13. Nb3 Bb4+ 14. Bd2 Bxd2+ 15. Kxd2 a5 16. a4 Qb6 17. Kc2 c5 18. Nd2 0-0-0 19. Ra3 Rhf8 20. Rb3 Qc6 21. Rb5 b6 22. Nc4 Nd7 23. Rc1 f5 24. g5 Rh8 25. Qh1 Rh4 26. f4 Rdh8 27. Qf1 dxc4 0-1

[Event "MVP-ch Seniors op 16th"]
[Site "Binz"]
[Date "2016.11.30"]
[Round "8.25"]
[White "Jacob, Helmut"]
[Black "Kluger, Hans Peter"]
[Result "1-0"]
[WhiteElo "2029"]
[BlackElo "1932"]
[PlyCount "69"]
[EventDate "2016.11.23"]
[EventType "swiss"]
[EventRounds "9"]
[EventCountry "GER"]
[SourceTitle "EXT 2018"]
[Source "ChessBase"]
[SourceDate "2017.10.13"]
[SourceVersion "1"]
[SourceVersionDate "2017.10.13"]
[SourceQuality "1"]

1. e4 g6 2. d4 Bg7 3. Nc3 d6 4. Be3 c6 5. Qd2 a5 6. a4 Bd7 7. f4 Na6 8. Nf3 Nf6 9. h3 Nb4 10. g4 Qc7 11. Bg2 Be6 12. 0-0 Bc4 13. Rfd1 Rd8 14. Qf2 0-0 15. Nd2 Be6 16. Nf1 Bc8 17. d5 Nd7 18. Rd2 Bxc3 19. bxc3 Na6 20. c4 Nac5 21. e5 cxd5 22. exd6 Qxd6 23. Rxd5 Qf6 24. Bd4 e5 25. Bxc5 Nxc5 26. Rxc5 exf4 27. Re1 Rd4 28. g5 Qd8 29. h4 Be6 30. Bd5 b6 31. Qxd4 bxc5 32. Qe5 Bf5 33. Nh2 Bxc2 34. Ng4 h5 35. gxh6 1-0

[Event "MVP-ch Seniors op 16th"]
[Site "Binz"]
[Date "2016.11.28"]
[Round "6.26"]
[White "Walther, Reinhard"]
[Black "Kluger, Hans Peter"]
[Result "1/2-1/2"]
[WhiteElo "2019"]
[BlackElo "1932"]
[PlyCount "127"]
[EventDate "2016.11.23"]
[EventType "swiss"]
[EventRounds "9"]
[EventCountry "GER"]
[SourceTitle "EXT 2018"]
[Source "ChessBase"]
[SourceDate "2017.10.13"]
[SourceVersion "1"]
[SourceVersionDate "2017.10.13"]
[SourceQuality "1"]

1. d4 d5 2. c4 c6 3. Nc3 Nf6 4. Nf3 Bf5 5. e3 e6 6. Nh4 Bg4 7. Qb3 b6 8. h3 Bh5 9. g4 Ne4 10. Ng2 Bg6 11. Nf4 Qh4 12. Qc2 Nxc3 13. Nxg6 hxg6 14. Qxc3 a5 15. a3 Nd7 16. cxd5 cxd5 17. Bb5 Qd8 18. Bd2 Rc8 19. Qb3 Bd6 20. Ke2 Ke7 21. g5 f6 22. gxf6+ Nxf6 23. Rag1 Kf7 24. Be1 Qc7 25. Bd3 Rh6 26. Bb1 Qc4+ 27. Qxc4 Rxc4 28. f3 Nh5 29. Bd3 Rc8 30. Rg2 Be7 31. h4 Bf6 32. Rhg1 Rhh8 33. Bxg6+ Ke7 34. Kd3 e5 35. Rg4 exd4 36. exd4 Rc4 37. Bd2 Kd6 38. b3 Rcc8 39. Re1 Rcf8 40. f4 Kc7 41. Re6 Rd8 42. b4 a4 43. b5 Rd6 44. Re1 Rd7 45. Bf5 Re7 46. Rc1+ Kb7 47. Bg6 Rc7 48. Rxc7+ Kxc7 49. Bf7 Be7 50. Bxh5 Rxh5 51. Rxg7 Kd8 52. f5 Rxf5 53. Bg5 Bxg5 54. Rxg5 Rf3+ 55. Kc2 Rxa3 56. Rxd5+ Kc7 57. h5 Rh3 58. Kb2 Rb3+ 59. Ka2 Rh3 60. Rg5 Kd6 61. Rg6+ Kd5 62. Rxb6 Kc4 63. h6 Kb4 64. Rg6 1/2-1/2

[Event "Schleswig Holstein-ch Seniors op 9th"]
[Site "Buesum"]
[Date "2015.09.30"]
[Round "3"]
[White "Smits, Oswald"]
[Black "Kluger, Hans Peter"]
[Result "0-1"]
[WhiteElo "1866"]
[BlackElo "2015"]
[PlyCount "173"]
[EventDate "2015.09.28"]
[EventType "swiss"]
[EventRounds "9"]
[EventCountry "GER"]
[SourceTitle "EXT 2018"]
[Source "ChessBase"]
[SourceDate "2017.10.13"]
[SourceVersion "1"]
[SourceVersionDate "2017.10.13"]
[SourceQuality "1"]

1. d4 d5 2. Nf3 Nf6 3. e3 Bg4 4. Nbd2 e6 5. Be2 Bd6 6. 0-0 Nbd7 7. c4 c5 8. dxc5 Bxc5 9. cxd5 Nxd5 10. Ne4 Be7 11. Nd4 Bxe2 12. Qxe2 0-0 13. Ng3 Rc8 14. e4 Nb4 15. a3 Nc6 16. Be3 Nde5 17. Rfd1 Qa5 18. b4 Qa4 19. Qb5 Qxb5 20. Nxb5 a6 21. Nd6 Bxd6 22. Rxd6 Nc4 23. Rd3 N6e5 24. Rc3 Nxe3 25. Rxe3 Rfd8 26. f3 b5 27. Kf1 Rc2 28. Re2 Rc3 29. Rea2 g6 30. Ne2 Rcd3 31. Kf2 g5 32. h3 h5 33. a4 Rb3 34. axb5 axb5 35. Ng3 Nd3+ 36. Kf1 Nxb4 37. Re2 h4 38. Nh5 Kh7 39. Nf6+ Kg6 40. Ng4 f6 41. e5 f5 42. Nf2 Rc8 43. Rd1 Nd5 44. Ra1 Rbc3 45. Nd1 Rc1 46. Rxc1 Rxc1 47. Rd2 b4 48. Ke2 f4 49. Nb2 Rc3 50. Nd1 Ra3 51. Rb2 Kf5 52. Nf2 b3 53. Kd3 Ra2 54. Nd1 Rxb2 55. Nxb2 Ne3 56. Kc3 Nxg2 57. Nd3 Ne3 58. Kxb3 Nf1 59. Kc3 Nh2 60. Ne1 Kxe5 61. Kd2 Nf1+ 62. Ke2 Ne3 63. Nd3+ Kd4 64. Nf2 Ke5 65. Ne4 Kf5 66. Nd6+ Kg6 67. Ne4 Nf5 68. Kf2 Ng3 69. Nc5 Kf5 70. Nd3 e5 71. Ne1 e4 72. fxe4+ Nxe4+ 73. Kf3 Nd2+ 74. Ke2 Nc4 75. Nf3 Ne5 76. Nh2 Ke4 77. Kf2 f3 78. Ke1 Kf4 79. Nf1 Nc4 80. Kf2 Ne5 81. Kg1 Nd3 82. Kh2 Nf2 83. Nd2 Ke3 84. Nc4+ Ke2 85. Ne5 Ne4 86. Ng4 f2 87. Ne3 0-1

[Event "Hessen-ch Seniors op 11th"]
[Site "Bad Sooden-Allendorf"]
[Date "2015.05.17"]
[Round "9"]
[White "Kluger, Hans Peter"]
[Black "Schmidt, Hans Juergen"]
[Result "0-1"]
[WhiteElo "2015"]
[BlackElo "1883"]
[PlyCount "130"]
[EventDate "2015.05.09"]
[EventType "swiss"]
[EventRounds "9"]
[EventCountry "GER"]
[SourceTitle "EXT 2018"]
[Source "ChessBase"]
[SourceDate "2017.10.13"]
[SourceVersion "1"]
[SourceVersionDate "2017.10.13"]
[SourceQuality "1"]

1. d4 d6 2. c4 e5 3. dxe5 dxe5 4. Qxd8+ Kxd8 5. e4 c6 6. Nf3 f6 7. Be2 Be6 8. 0-0 Bc5 9. Rd1+ Kc7 10. Nc3 a6 11. a3 Nd7 12. b4 Ba7 13. Bd2 Ne7 14. Rac1 g5 15. Nd5+ Kd8 16. Nxe7 Kxe7 17. c5 Rag8 18. Bc4 h5 19. Bxe6 Kxe6 20. h4 gxh4 21. Nxh4 Rg4 22. Nf5 Rxe4 23. Nd6 Rg4 24. Nxb7 Rhg8 25. g3 h4 26. Be1 hxg3 27. fxg3 Bb8 28. Nd6 f5 29. Kf1 f4 30. Rc3 fxg3 31. Kg2 Rd4 32. Rcd3 Rxd3 33. Rxd3 Nf6 34. Nc4 e4 35. Rd1 Nd5 36. Bd2 Kf5 37. Rf1+ Kg4 38. Re1 Re8 39. Ne3+ Nxe3+ 40. Bxe3 Rh8 41. Bg1 Re8 42. Be3 Re6 43. a4 Bc7 44. Rf1 Be5 45. Rf8 Rf6 46. Rg8+ Kf5 47. Rg5+ Ke6 48. Rg4 Kd5 49. Rg5 Rf3 50. Bg1 Rb3 51. b5 axb5 52. a5 Ra3 53. a6 Rxa6 54. Be3 Ke6 55. Rg6+ Kf5 56. Rg5+ Kf6 57. Rg4 Ra2+ 58. Kg1 Re2 59. Bh6 Bd4+ 60. Kf1 Rf2+ 61. Ke1 Bc3+ 62. Kd1 g2 63. Be3 Ra2 64. Kc1 Bd2+ 65. Kb1 Bxe3 0-1

[Event "Hessen-ch Seniors op 11th"]
[Site "Bad Sooden-Allendorf"]
[Date "2015.05.16"]
[Round "8"]
[White "Kienel, Norbert"]
[Black "Kluger, Hans Peter"]
[Result "1/2-1/2"]
[WhiteElo "1903"]
[BlackElo "2015"]
[PlyCount "37"]
[EventDate "2015.05.09"]
[EventType "swiss"]
[EventRounds "9"]
[EventCountry "GER"]
[SourceTitle "EXT 2018"]
[Source "ChessBase"]
[SourceDate "2017.10.13"]
[SourceVersion "1"]
[SourceVersionDate "2017.10.13"]
[SourceQuality "1"]

1. d4 d5 2. c4 c6 3. e3 Nf6 4. Nc3 e6 5. Nf3 Bd6 6. Bd3 Nbd7 7. 0-0 e5 8. e4 exd4 9. Nxd4 dxe4 10. Nxe4 Nxe4 11. Bxe4 0-0 12. Nf3 Qc7 13. Bc2 Nf6 14. Bg5 Ng4 15. g3 Ne5 16. Nxe5 Bxe5 17. Rb1 Bh3 18. Bxh7+ Kxh7 19. Qh5+ 1/2-1/2

[Event "Hessen-ch Seniors op 11th"]
[Site "Bad Sooden-Allendorf"]
[Date "2015.05.13"]
[Round "5"]
[White "Kluger, Hans Peter"]
[Black "Micheel, Peter"]
[Result "1/2-1/2"]
[WhiteElo "2015"]
[BlackElo "1886"]
[PlyCount "24"]
[EventDate "2015.05.09"]
[EventType "swiss"]
[EventRounds "9"]
[EventCountry "GER"]
[SourceTitle "EXT 2018"]
[Source "ChessBase"]
[SourceDate "2017.10.13"]
[SourceVersion "1"]
[SourceVersionDate "2017.10.13"]
[SourceQuality "1"]

1. d4 Nf6 2. c4 e5 3. dxe5 Ng4 4. Nf3 Bc5 5. e3 Nc6 6. Be2 0-0 7. Bd2 Ngxe5 8. Bc3 Nxf3+ 9. Bxf3 d6 10. 0-0 Ne5 11. Be2 Qg5 12. Bd4 Bh3 1/2-1/2

[Event "Hessen-ch Seniors op 11th"]
[Site "Bad Sooden-Allendorf"]
[Date "2015.05.09"]
[Round "1"]
[White "Kluger, Hans Peter"]
[Black "Schumacher, Ursula"]
[Result "1-0"]
[WhiteElo "2015"]
[BlackElo "1670"]
[PlyCount "38"]
[EventDate "2015.05.09"]
[EventType "swiss"]
[EventRounds "9"]
[EventCountry "GER"]
[SourceTitle "EXT 2018"]
[Source "ChessBase"]
[SourceDate "2017.10.13"]
[SourceVersion "1"]
[SourceVersionDate "2017.10.13"]
[SourceQuality "1"]

1. d4 c6 2. c4 d5 3. e3 Nf6 4. Nc3 e6 5. Nf3 Be7 6. Bd3 Nbd7 7. 0-0 0-0 8. e4 Kh8 9. e5 Ng8 10. c5 f5 11. exf6 Bxf6 12. Re1 Re8 13. Bf4 Nf8 14. Be5 b6 15. b4 b5 16. a4 a6 17. axb5 cxb5 18. Nxb5 Bxe5 19. Nxe5 Nf6 1-0

[Event "MVP-ch Seniors op 14th"]
[Site "Binz"]
[Date "2014.11.27"]
[Round "3"]
[White "Kluger, Hans Peter"]
[Black "Giering, Gregor"]
[Result "1/2-1/2"]
[WhiteElo "1854"]
[BlackElo "1618"]
[PlyCount "24"]
[EventDate "2014.11.25"]
[EventType "swiss"]
[EventRounds "9"]
[EventCountry "GER"]
[SourceTitle "EXT 2016"]
[Source "ChessBase"]
[SourceDate "2015.10.08"]
[SourceVersion "1"]
[SourceVersionDate "2015.10.08"]
[SourceQuality "1"]

1. d4 d5 2. c4 Nf6 3. Nc3 Nc6 4. Bf4 dxc4 5. Nb5 Nd5 6. Bg3 a6 7. Na3 b5 8. Nc2 Bf5 9. e3 e6 10. a3 Bd6 11. Bxd6 cxd6 12. Nf3 Qa5+ 1/2-1/2